000
00300nam a22001217a 4500
020
_a
9781639895670
040
_c
NUST IESE
082
_a
628.161
_b
SPO
245
_a
Water Quality
_b
Assessment and Treatment
260
_a
USA
_b
States Academic Press
_c
2021
300
_a
249
942
_2
ddc
_c
BK
_k
628.161
999
_c
594595
_d
594595